Guess the Greek Hero based on their partner - Statistics

General Stats
  • This quiz has been taken 5 times
  • The average score is 6 of 17
Answer Stats
Hint Answer % Correct
Clytemnestra Agamemnon
80%
Helen Menelaus
80%
Penelope Odysseus
80%
Medea Jason
60%
Helen Paris
60%
Andromeda Perseus
60%
Patroclus Achilles
40%
Andromache Hector
40%
Eurydice Orpheus
40%
Achilles Patroclus
40%
Ariadne Theseus
40%
Eros Psyche
20%
Lavinia Aeneas
0%
Hippomenes Atalanta
0%
Philonoe Bellerophon
0%
Megara Heracles
0%
Phaedra Theseus
0%
No matching quizzes found
Score Distribution
Percent of People with Each Score
Percentile by Number Answered
Your Score History
You have not taken this quiz